Harry Styles - Chansons de Kiss All the Time. Disco, Occasionally - Statistiques

Statistiques générales
  • Ce quiz a été pris 98 fois
  • Le résultat moyen est 11 sur 12
Statistiques - réponses
Hint Réponse % Correct
Kiss All the Time. Disco, Occasionally 2 American Girls
99%
Kiss All the Time. Disco, Occasionally 1 Aperture
99%
Kiss All the Time. Disco, Occasionally2 9 Pop
96%
Kiss All the Time. Disco, Occasionally2 12 Carla's Song
93%
Kiss All the Time. Disco, Occasionally 3 Ready, Steady, Go!
92%
Kiss All the Time. Disco, Occasionally2 11 Paint by Numbers
91%
Kiss All the Time. Disco, Occasionally2 8 Coming Up Roses
87%
Kiss All the Time. Disco, Occasionally2 10 Dance No More
84%
Kiss All the Time. Disco, Occasionally 5 Taste Back
84%
Kiss All the Time. Disco, Occasionally2 7 Season 2 Weight Loss
83%
Kiss All the Time. Disco, Occasionally 4 Are You Listening Yet?
81%
Kiss All the Time. Disco, Occasionally 6 The Waiting Game
79%
Aucun quiz correspondant
Distribution des résultats
% des personnes avec chaque résultat
Percentile par nombre de réponses
Votre historique - résultats
Vous n’avez pas pris ce quiz